| 000 | 00703nam a2200253 i 4500 | ||
|---|---|---|---|
| 999 |
_c7671 _d7671 |
||
| 001 | 4835 | ||
| 003 | GBCCL | ||
| 005 | 20241126110633.0 | ||
| 008 | 750107s1974 miu 00010 eng | ||
| 010 | _a 74075106 | ||
| 020 |
_a0825427088 : _c$0.95 |
||
| 035 | _aOCM01599531 830416 | ||
| 040 |
_aDLC _cDLC _dLBB |
||
| 049 | _aLBBK | ||
| 050 | 0 |
_aBX8763 _b.G37 |
|
| 082 |
_a234.1 _bGAR |
||
| 092 |
_a234.13 _bG221 |
||
| 100 | 1 | 0 |
_aGardiner, George E. _913520 |
| 245 | 1 | 4 |
_aThe Corinthian catastrophe / _cGeorge E. Gardiner. |
| 260 | 0 |
_aGrand Rapids, MI : _bKregel Publications, _c[1974] |
|
| 300 |
_a56 p. ; _c18 cm. |
||
| 650 | 0 |
_aPentecostalism _xControversial literature. _913521 |
|
| 942 |
_2ddc _cBK _01 |
||